| 000 | 00800nam a2200193 a 4500 | ||
|---|---|---|---|
| 001 | 000031484 | ||
| 005 | 20240409073643.0 | ||
| 008 | 110627t1938 dr c 001 0dspa d | ||
| 040 |
_aDO-SdBNP _bspa _cBNPHU |
||
| 082 | _aF-RD 59 | ||
| 100 | 1 |
_aOliva, Sofía V. _957874 |
|
| 245 | 1 | 0 |
_aTrujillo, antorcha de progreso : _baspectos de su obra espiritual / _cSofía V. Oliva. |
| 260 |
_aCiudad Trujillo, República Dominicana : _bImprenta P. A. Gómez, _c1938. |
||
| 300 |
_a50 p. : _bretrs. ; _c22 cm. |
||
| 505 | 0 |
_tPase adelante / _rGermán Soriano -- _tTrujillo, antorcha de progreso / _rSofía V. Oliva -- _tSemblanza del Generalísimo / _rÁngel S. del Soriano Pérez. |
|
| 600 | 1 | 0 |
_aTrujillo Molina, Rafael Leónidas, _d 1891-1961 _976764 |
| 910 | _aValidado. Control de calidad EMS. | ||
| 049 | _aBNPD | ||
| 999 |
_c30976 _d30976 |
||